| 000 | 01194nam a2200277 i 4500 | ||
|---|---|---|---|
| 001 | 34410 | ||
| 003 | ES-MaACL | ||
| 005 | 20251004063057.0 | ||
| 007 | t| | ||
| 008 | 030207s1887 sp ||||1| spa d | ||
| 080 | _a913(661.2) | ||
| 100 | 1 |
_aBonelli, Emilio, _d1854-1926 _930102 |
|
| 245 | 1 | 3 |
_aEl Sahara _b: descripción geográfica, comercial y agrícola desde Cabo Bojador a Cabo Blanco, viajes al interior, habitantes del desierto y consideraciones generales / _cpor Emilio Bonelli. |
| 250 | _aEd. oficial. | ||
| 260 |
_aMadrid : _b[s.n.], _c1887 ( _fTip. de L. Péant e Hijos) |
||
| 300 |
_aXVI, 232 p., [2] h. de lám., [4] h. pleg. de map. : _bil. ; _c23 cm. |
||
| 530 | _aDisponible en formato digital. | ||
| 594 | _aPrecede al tít.: Ministerio de Fomento. | ||
| 597 | _aCon autógrafo del autor. | ||
| 651 | 4 |
_aSahara- _xDescripción. _9137377 |
|
| 710 | 1 |
_aEspaña. _bMinisterio de Fomento. _93868 |
|
| 852 |
_aES-MaACL _jB-7987(6) _z- Enc. con otras obras |
||
| 852 |
_aES-MaACL _jC-172 _z- Legado Federico de Botella y de Hornos. |
||
| 856 |
_uhttp://bdh-rd.bne.es/viewer.vm?id=0000090260&page=1 _zBiblioteca Digital Hispánica |
||
| 999 |
_c34410 _d34410 |
||